The Persian Gulf and Pacific Asia : (Record no. 14324)
[ view plain ]
| 000 -LEADER | |
|---|---|
| fixed length control field | 01701cam a2200349 a 4500 |
| 001 - CONTROL NUMBER | |
| control field | 16343883 |
| 005 - DATE AND TIME OF LATEST TRANSACTION | |
| control field | 20170105102852.0 |
| 008 - FIXED-LENGTH DATA ELEMENTS--GENERAL INFORMATION | |
| fixed length control field | 100722s2010 nyua b 001 0 eng |
| 010 ## - LIBRARY OF CONGRESS CONTROL NUMBER | |
| LC control number | 2010029828 |
| 020 ## - INTERNATIONAL STANDARD BOOK NUMBER | |
| International Standard Book Number | 9780231702164 (alk. paper) |
| 020 ## - INTERNATIONAL STANDARD BOOK NUMBER | |
| International Standard Book Number | 0231702167 (alk. paper) |
| 035 ## - SYSTEM CONTROL NUMBER | |
| System control number | (OCoLC)ocn635463733 |
| 040 ## - CATALOGING SOURCE | |
| Original cataloging agency | DLC |
| Transcribing agency | DLC |
| Modifying agency | YDX |
| -- | BTCTA |
| -- | YDXCP |
| -- | CDX |
| -- | BWX |
| -- | DLC |
| 043 ## - GEOGRAPHIC AREA CODE | |
| Geographic area code | ap----- |
| -- | p------ |
| 050 00 - LIBRARY OF CONGRESS CALL NUMBER | |
| Classification number | DS326 |
| Item number | .D28 2010 |
| 082 00 - DEWEY DECIMAL CLASSIFICATION NUMBER | |
| Classification number | 337.53605 |
| Edition number | 22 |
| 100 1# - MAIN ENTRY--PERSONAL NAME | |
| Personal name | Davidson, Christopher M. |
| Fuller form of name | (Christopher Michael) |
| 245 14 - TITLE STATEMENT | |
| Title | The Persian Gulf and Pacific Asia : |
| Remainder of title | from indifference to interdependence / |
| Statement of responsibility, etc. | Christopher Davidson. |
| 260 ## - PUBLICATION, DISTRIBUTION, ETC. | |
| Place of publication, distribution, etc. | New York : |
| Name of publisher, distributor, etc. | Columbia University Press, |
| Date of publication, distribution, etc. | c2010. |
| 300 ## - PHYSICAL DESCRIPTION | |
| Extent | xiv, 145 p. : |
| Other physical details | ill. ; |
| Dimensions | 23 cm. |
| 490 1# - SERIES STATEMENT | |
| Series statement | Power and politics in the gulf |
| 504 ## - BIBLIOGRAPHY, ETC. NOTE | |
| Bibliography, etc. note | Includes bibliographical references and index. |
| 505 0# - FORMATTED CONTENTS NOTE | |
| Formatted contents note | Historical background -- Economic and demographic comparison -- The hydrocarbon trade -- The non-hydrocarbon trade -- Investments and joint ventures -- Construction and labour contracts -- An Asian security umbrella? -- Diplomacy and dialogue -- Future initiatives and collaborations -- Conclusion. |
| 651 #0 - SUBJECT ADDED ENTRY--GEOGRAPHIC NAME | |
| Geographic name | Persian Gulf Region |
| General subdivision | Foreign relations |
| Geographic subdivision | Pacific Area. |
| 651 #0 - SUBJECT ADDED ENTRY--GEOGRAPHIC NAME | |
| Geographic name | Pacific Area |
| General subdivision | Foreign relations |
| Geographic subdivision | Persian Gulf Region. |
| 651 #0 - SUBJECT ADDED ENTRY--GEOGRAPHIC NAME | |
| Geographic name | Persian Gulf Region |
| General subdivision | Foreign economic relations |
| Geographic subdivision | Pacific Area. |
| 651 #0 - SUBJECT ADDED ENTRY--GEOGRAPHIC NAME | |
| Geographic name | Pacific Area |
| General subdivision | Foreign economic relations |
| Geographic subdivision | Persian Gulf Region. |
| 830 #0 - SERIES ADDED ENTRY--UNIFORM TITLE | |
| Uniform title | Power and politics in the gulf. |
| 906 ## - LOCAL DATA ELEMENT F, LDF (RLIN) | |
| a | 7 |
| b | cbc |
| c | orignew |
| d | 1 |
| e | ecip |
| f | 20 |
| g | y-gencatlg |
| 942 ## - ADDED ENTRY ELEMENTS (KOHA) | |
| Source of classification or shelving scheme | |
| Koha item type | Book |
| Withdrawn status | Lost status | Damaged status | Not for loan | Collection code | Permanent Location | Current Location | Shelving location | Date acquired | Total Checkouts | Full call number | Barcode | Date last seen | Price effective from | Koha item type |
|---|---|---|---|---|---|---|---|---|---|---|---|---|---|---|
| Centre for International Peace & Stability (CIPS) | Centre for International Peace & Stability (CIPS) | General Stacks | 08/06/2013 | 337.53605 CHR 2010 | CIPS0000607 | 08/21/2013 | 01/05/2017 | Book | ||||||
| Centre for International Peace & Stability (CIPS) | Centre for International Peace & Stability (CIPS) | General Stacks | 12/05/2013 | 337.53605PER2010 | CIPS0000799 | 12/05/2013 | 12/05/2013 | Book |
